000
00219 a2200097 4500
001
12208
100
_a
Younas Butt
245
_a
Family Front; Ghar mastian
260
_a
Lahore
_b
Sang-e-Meel
_c
2003
090
_c
9424
_d
9424
942
_a
NUST-CAE
_c
M
_c
36294
999
_c
247281
_d
247281